| 000 | 00785nam a2200265 a 4500 | ||
|---|---|---|---|
| 001 | 70389 | ||
| 003 | BD-RjUL | ||
| 005 | 20211209082007.0 | ||
| 008 | 170417r1976 enka 001 0 eng d | ||
| 020 | _a040851552X | ||
| 035 | _a(BD-RjUL)70603 | ||
| 040 |
_aTXA _cTXA _dBD-RjUL _beng |
||
| 041 | _aeng | ||
| 082 | 0 | 4 |
_a546 _223 _bWOI 1976 |
| 090 |
_aQD151 _b.W85 1967 |
||
| 100 | 1 |
_aWood, Cyril Warcup. _9208421 |
|
| 245 | 1 | 0 |
_aInorganic chemistry : _ban intermediate text / _cby C. W. Wood and A. K. Holliday. |
| 250 | _a3rd ed. | ||
| 260 |
_aLondon : _bButterworths, _cc1967 [reprinted 1976]. |
||
| 300 |
_axi, 419 p. : _bill. ; _c23 cm. |
||
| 500 | _aIncludes index | ||
| 650 | 0 |
_aChemistry, Inorganic. _9117207 |
|
| 700 | 1 |
_aHolliday, Arthur Kenneth. _9208422 |
|
| 942 |
_2ddc _cBK |
||
| 999 |
_c70389 _d70389 |
||